000 01069nam a22002537a 4500
005 20170124103052.0
010 _aB-033577
020 _c100.00
035 _aB-033577
037 _bCen Lib/Ret
040 _aDPL
_bHN
082 _a
_bव्यथि
100 _aव्यथिहृदय
_970678
245 _aउपनिषदों के श्रेष्ठ कहानियां /
_cव्यथिहृदय
246 _aUnpishadon ki shreshth kahaniyan /
_bby Vyathihridya
260 _aनई दिल्ली
_bसुनील साहित्य सदन
_c2000
270 _bनई दिल्ली
_a3320-21, जटवाडा, दरयागंज
_e110002
300 _a128पृ.
_c19सेमी (सजिल्द )
650 _aहिंदी साहित्य
_x
_z
_970679
650 _aहिंदी साहित्य
_v
_xकहानियां
_970680
650 _aHindi literature
_970681
650 _aHindi literature
_xstories
_970682
942 _2ddc
_cHN
_h
_mव्यथि
999 _c117196
_d117196